Взрывные явления. Оценка и последствия: в 2 кн.; пер. с англ.

Bibliografiske detaljer
Andre forfattere: Бейкер У. Уилфред, Кокс П. Пинес, Уэстайн П. Питер, Кулеш Дж. Джеймс, Стрелоу Р. Роджер
Summary:Авт. указаны на обороте тит. л.
Sprog:russisk
Udgivet: Москва, Мир, 1986
Format: Bog
KOHA link:https://koha.lib.tpu.ru/cgi-bin/koha/opac-detail.pl?biblionumber=241380

MARC

LEADER 00000nam1a2200000 4500
001 241380
005 20231031205929.0
035 |a (RuTPU)RU\TPU\book\262648 
035 |a RU\TPU\book\262647 
090 |a 241380 
100 |a 20130712d1986 k y0rusy50 ca 
101 1 |a rus  |c eng 
102 |a RU 
200 1 |a Взрывные явления. Оценка и последствия  |e в 2 кн.  |e пер. с англ.  |f У. Бейкер [и др.] 
210 |a Москва  |c Мир  |d 1986 
300 |a Авт. указаны на обороте тит. л. 
701 1 |a Бейкер  |b У.  |g Уилфред 
701 1 |a Кокс  |b П.  |g Пинес 
701 1 |a Уэстайн  |b П.  |g Питер 
701 1 |a Кулеш  |b Дж.  |g Джеймс 
701 1 |a Стрелоу  |b Р.  |g Роджер 
801 1 |a RU  |b 63413507  |c 20130711 
801 2 |a RU  |b 63413507  |c 20150909  |g RCR 
942 |c BK